[Event "Muensterland Verbandsklasse 2526"]
[Site "Germany"]
[Date "2026.05.16"]
[Round "9"]
[Board "7"]
[White "Rausch, Arndt"]
[Black "Matthies, Ralf"]
[Result "1/2-1/2"]
[WhiteElo "1606"]
[BlackElo "1440"]
[WhiteFideId "-1"]
[BlackFideId "-1"]
[PlyCount "50"]
[GameId "2288290218601578"]
[EventDate "2025.??.??"]
[EventType "team-tourn"]
[EventRounds "9"]
[EventCountry "GER"]
[SourceTitle "Verband Muensterland"]
[SourceDate "2026.01.17"]
[SourceVersion "1"]
[SourceVersionDate "2026.01.17"]
[SourceQuality "1"]
[WhiteTeam "Telgte"]
[BlackTeam "Nordkirchen"]
[WhiteTeamCountry "GER"]
[BlackTeamCountry "GER"]

1. d4 d5 2. g3 Nc6 3. Bg2 Bf5 4. c3 e6 5. Nf3 Nf6 6. Nbd2 Ne4 7. Nh4 Nxd2 8. Bxd2 Bg6 9. Nxg6 hxg6 10. Qb3 b6 11. Qa4 Qd7 12. e4 Rd8 13. exd5 exd5 14. O-O-O Na5 15. Qc2 Be7 16. Rde1 Kf8 17. h4 Qf5 18. Qxf5 gxf5 19. Re5 Nc4 20. Rxf5 Nxd2 21. Kxd2 a6 22. Re5 Bf6 23. Re3 Re8 24. Rhe1 Rxe3 25. Rxe3 g5 1/2-1/2

[Event "Muensterland Verbandsklasse 2526"]
[Site "Germany"]
[Date "2026.05.16"]
[Round "9"]
[Board "8"]
[White "Winkler, Alexander"]
[Black "Schlingmeier, Alexander"]
[Result "1-0"]
[WhiteElo "1550"]
[BlackElo "1158"]
[WhiteFideId "-1"]
[BlackFideId "-1"]
[PlyCount "87"]
[GameId "2288290218531945"]
[EventDate "2025.??.??"]
[EventType "team-tourn"]
[EventRounds "9"]
[EventCountry "GER"]
[SourceTitle "Verband Muensterland"]
[SourceDate "2026.01.17"]
[SourceVersion "1"]
[SourceVersionDate "2026.01.17"]
[SourceQuality "1"]
[WhiteTeam "Nordkirchen"]
[BlackTeam "Telgte"]
[WhiteTeamCountry "GER"]
[BlackTeamCountry "GER"]

1. d4 d5 2. Nf3 Nf6 3. c4 Bf5 4. Nc3 e6 5. cxd5 exd5 6. Qb3 c6 7. Qxb7 Nbd7 8. Qxc6 Bb4 9. Bd2 Rc8 10. Qa4 Bxc3 11. Bxc3 Qb6 12. e3 O-O 13. Ba6 Rb8 14. O-O Ng4 15. h3 Nh6 16. Rfc1 Qg6 17. Nh4 Qg5 18. Nxf5 Qxf5 19. Qc2 Qe6 20. Bd3 g6 21. a3 Rfc8 22. Qd2 Nf5 23. Bb4 Ne7 24. Bxe7 Qxe7 25. Rxc8+ Rxc8 26. Rc1 Rxc1+ 27. Qxc1 Nb6 28. Qc5 Kf8 29. Qxe7+ Kxe7 30. b3 Kd6 31. g4 h6 32. Kf1 g5 33. Ke2 f6 34. f4 a5 35. Kf3 Ke7 36. fxg5 hxg5 37. e4 Kd6 38. Ke3 Ke6 39. Ba6 Nd7 40. Bc8 dxe4 41. Kxe4 Ke7 42. Bxd7 Kxd7 43. Kf5 Ke7 44. b4 1-0

[Event "Muensterland Verbandsklasse 2526"]
[Site "Germany"]
[Date "26.05.16"]
[Round "9"]
[Board "1"]
[White "Kecker, Lars"]
[Black "Raus, Michael"]
[Result "1/2-1/2"]
[WhiteElo "1866"]
[BlackElo "1702"]
[WhiteFideId "-1"]
[BlackFideId "-1"]
[PlyCount "72"]
[GameId "2315515563550594"]
[EventDate "2025.??.??"]
[EventType "team-tourn"]
[EventRounds "9"]
[EventCountry "GER"]
[SourceTitle "Verband Muensterland"]
[SourceDate "2026.01.17"]
[SourceVersion "1"]
[SourceVersionDate "2026.01.17"]
[SourceQuality "1"]
[WhiteTeam "Greven"]
[BlackTeam "Steinfurt II"]
[WhiteTeamCountry "GER"]
[BlackTeamCountry "GER"]

1. d4 e6 2. Bf4 b6 3. e3 Bb7 4. Nf3 f5 5. Be2 Nf6 6. Bg3 Be7 7. Nbd2 Ne4 8. Nxe4 Bxe4 9. O-O O-O 10. c3 Bf6 11. h3 Kh8 12. Ne5 d6 13. Nd3 Qe7 14. Bf3 Bxf3 15. Qxf3 Nd7 16. Qc6 Rac8 17. e4 Nb8 18. Qb7 c5 19. Qxe7 Bxe7 20. dxc5 bxc5 21. Rfe1 Rfe8 22. exf5 exf5 23. Re6 Bf8 24. Rae1 Rxe6 25. Rxe6 Rd8 26. f3 Kg8 27. Kf2 Kf7 28. Re2 Nc6 29. Nf4 d5 30. Ne6 Rd7 31. Nxf8 Kxf8 32. Re6 Ne7 33. Ke2 Kf7 34. Rd6 Rb7 35. b3 a5 36. Ra6 c4 1/2-1/2

[Event "Muensterland Verbandsklasse 2526"]
[Site "Germany"]
[Date "26.05.16"]
[Round "9"]
[Board "2"]
[White "Terhorst, Timo"]
[Black "Schaefertoens, Robert"]
[Result "1-0"]
[WhiteElo "1644"]
[BlackElo "1774"]
[WhiteFideId "-1"]
[BlackFideId "-1"]
[PlyCount "63"]
[GameId "2315515563550596"]
[EventDate "2025.??.??"]
[EventType "team-tourn"]
[EventRounds "9"]
[EventCountry "GER"]
[SourceTitle "Verband Muensterland"]
[SourceDate "2026.01.17"]
[SourceVersion "1"]
[SourceVersionDate "2026.01.17"]
[SourceQuality "1"]
[WhiteTeam "Steinfurt II"]
[BlackTeam "Greven"]
[WhiteTeamCountry "GER"]
[BlackTeamCountry "GER"]

1. Nf3 e6 2. c4 d5 3. cxd5 exd5 4. d4 c6 5. Nc3 Be7 6. Bf4 Nf6 7. e3 Bg4 8. Be2 Nbd7 9. Ne5 Bxe2 10. Qxe2 O-O 11. O-O Nxe5 12. Bxe5 Nd7 13. Bf4 Bg5 14. Qg4 Bxf4 15. Qxf4 Qb6 16. Rab1 Rab8 17. b4 Rfe8 18. b5 Nf6 19. bxc6 Qxc6 20. Rfc1 Rec8 21. g4 Qd7 22. f3 h6 23. Kf2 a6 24. h4 b5 25. g5 Nh5 26. Qg4 Qe6 27. Qxe6 fxe6 28. f4 hxg5 29. hxg5 g6 30. a4 Rc4 31. axb5 Rbc8 32. bxa6 1-0

[Event "Muensterland Verbandsklasse 2526"]
[Site "Germany"]
[Date "26.05.16"]
[Round "9"]
[Board "3"]
[White "Volk, Hans Ludwig"]
[Black "Schmitz, Carolin"]
[Result "1-0"]
[WhiteElo "1756"]
[BlackElo "1616"]
[WhiteFideId "-1"]
[BlackFideId "-1"]
[PlyCount "60"]
[GameId "2315515563550598"]
[EventDate "2025.??.??"]
[EventType "team-tourn"]
[EventRounds "9"]
[EventCountry "GER"]
[SourceTitle "Verband Muensterland"]
[SourceDate "2026.01.17"]
[SourceVersion "1"]
[SourceVersionDate "2026.01.17"]
[SourceQuality "1"]
[WhiteTeam "Greven"]
[BlackTeam "Steinfurt II"]
[WhiteTeamCountry "GER"]
[BlackTeamCountry "GER"]

1. c4 c5 2. Nc3 Nf6 3. e4 d6 4. Be2 g6 5. f4 Nc6 6. Nf3 Bg7 7. O-O O-O 8. d3 Nd4 9. Nxd4 cxd4 10. Nb1 e5 11. f5 Qb6 12. g4 Nxe4 13. dxe4 d3+ 14. Rf2 dxe2 15. Qxe2 f6 16. Be3 Qc6 17. Nc3 g5 18. h4 h6 19. Nd5 Rf7 20. Raf1 b6 21. Rh2 Bb7 22. hxg5 fxg5 23. f6 Bf8 24. Bxg5 hxg5 25. Rf5 Qc5+ 26. Kh1 Bxd5 27. exd5 Bg7 28. fxg7 Rxf5 29. gxf5 Kxg7 30. Qh5 Rf8 1-0

[Event "Muensterland Verbandsklasse 2526"]
[Site "Germany"]
[Date "26.05.16"]
[Round "9"]
[Board "4"]
[White "Raus, Christina"]
[Black "Toews, Andreas"]
[Result "1-0"]
[WhiteElo "1557"]
[BlackElo "1675"]
[WhiteFideId "-1"]
[BlackFideId "-1"]
[PlyCount "84"]
[GameId "2315515563550600"]
[EventDate "2025.??.??"]
[EventType "team-tourn"]
[EventRounds "9"]
[EventCountry "GER"]
[SourceTitle "Verband Muensterland"]
[SourceDate "2026.01.17"]
[SourceVersion "1"]
[SourceVersionDate "2026.01.17"]
[SourceQuality "1"]
[WhiteTeam "Steinfurt II"]
[BlackTeam "Greven"]
[WhiteTeamCountry "GER"]
[BlackTeamCountry "GER"]

1. d4 d5 2. c4 c6 3. Nc3 Nf6 4. Bg5 e6 5. e3 Be7 6. Nf3 h6 7. Bh4 Nbd7 8. Bd3 dxc4 9. Bxc4 Nd5 10. Bxe7 Qxe7 11. Qd2 O-O 12. O-O Re8 13. Rac1 N5b6 14. Bb3 Kh8 15. Rfd1 f6 16. Qd3 Nf8 17. h3 Bd7 18. Ne4 Red8 19. Qc3 Be8 20. Qc5 Qd7 21. Qxf8+ Kh7 22. Nxf6+ gxf6 23. Qxf6 Nd5 24. Bc2+ Kg8 25. Qxh6 Qg7 26. Qxg7+ Kxg7 27. Ne5 Bh5 28. Rd2 Kf6 29. Bd1 Bxd1 30. Rdxd1 Rg8 31. Ng4+ Kg5 32. Rc5 Kh4 33. Kh2 Raf8 34. g3+ Kh5 35. Kg2 Kg6 36. Ne5+ Kh7 37. h4 Rg7 38. Rd2 Rfg8 39. Re2 Rf8 40. Nf3 Rg6 41. Ng5+ Kg8 42. f4 Ne7 1-0

[Event "Muensterland Verbandsklasse 2526"]
[Site "Germany"]
[Date "26.05.16"]
[Round "9"]
[Board "5"]
[White "Soppe, Peter"]
[Black "Dehler, Markus"]
[Result "1/2-1/2"]
[WhiteElo "1547"]
[BlackElo "1574"]
[WhiteFideId "-1"]
[BlackFideId "-1"]
[PlyCount "72"]
[GameId "2315515563550602"]
[EventDate "2025.??.??"]
[EventType "team-tourn"]
[EventRounds "9"]
[EventCountry "GER"]
[SourceTitle "Verband Muensterland"]
[SourceDate "2026.01.17"]
[SourceVersion "1"]
[SourceVersionDate "2026.01.17"]
[SourceQuality "1"]
[WhiteTeam "Greven"]
[BlackTeam "Steinfurt II"]
[WhiteTeamCountry "GER"]
[BlackTeamCountry "GER"]

1. c4 c5 2. Nc3 Nf6 3. g3 g6 4. Bg2 Bg7 5. e3 Nc6 6. Nge2 d6 7. O-O Bd7 8. b3 Rb8 9. Bb2 O-O 10. Nd5 Nxd5 11. Bxg7 Nxe3 12. fxe3 Kxg7 13. d4 b6 14. Bxc6 Bxc6 15. d5 Bd7 16. Qd3 b5 17. Rf2 bxc4 18. Qxc4 Rb4 19. Qc3+ Kg8 20. Rf4 Rxf4 21. Nxf4 Qc7 22. Rf1 Qd8 23. e4 e5 24. Ne2 f5 25. exf5 Rxf5 26. Rxf5 Bxf5 27. Qe3 Qb6 28. Kf2 Kg7 29. h4 Qb7 30. Nc3 Qf7 31. Kg2 Bd7 32. Qf3 Qxf3+ 33. Kxf3 Kf7 34. g4 Ke7 35. g5 a6 36. Ne4 Bf5 1/2-1/2

[Event "Muensterland Verbandsklasse 2526"]
[Site "Germany"]
[Date "26.05.16"]
[Round "9"]
[Board "6"]
[White "Meinert, Dominik"]
[Black "Soppe, Victoria"]
[Result "1/2-1/2"]
[WhiteElo "1500"]
[BlackElo "1471"]
[WhiteFideId "-1"]
[BlackFideId "-1"]
[PlyCount "38"]
[GameId "2315515563550604"]
[EventDate "2025.??.??"]
[EventType "team-tourn"]
[EventRounds "9"]
[EventCountry "GER"]
[SourceTitle "Verband Muensterland"]
[SourceDate "2026.01.17"]
[SourceVersion "1"]
[SourceVersionDate "2026.01.17"]
[SourceQuality "1"]
[WhiteTeam "Steinfurt II"]
[BlackTeam "Greven"]
[WhiteTeamCountry "GER"]
[BlackTeamCountry "GER"]

1. e4 c5 2. Nf3 e6 3. Bc4 d5 4. exd5 exd5 5. Bb5+ Nc6 6. h3 Bd6 7. O-O a6 8. Bxc6+ bxc6 9. d4 cxd4 10. Qxd4 Nf6 11. Bg5 Be7 12. c4 c5 13. Qe5 dxc4 14. Bxf6 gxf6 15. Qe4 Be6 16. Nbd2 Qd5 17. Rac1 Qxe4 18. Nxe4 Rb8 19. b3 f5 1/2-1/2

[Event "Muensterland Verbandsklasse 2526"]
[Site "Germany"]
[Date "26.05.16"]
[Round "9"]
[Board "8"]
[White "Hengelmann, Nick"]
[Black "Voss, Andreas"]
[Result "1-0"]
[WhiteElo "1165"]
[BlackElo "1168"]
[WhiteFideId "-1"]
[BlackFideId "-1"]
[PlyCount "69"]
[GameId "2315515563550608"]
[EventDate "2025.??.??"]
[EventType "team-tourn"]
[EventRounds "9"]
[EventCountry "GER"]
[SourceTitle "Verband Muensterland"]
[SourceDate "2026.01.17"]
[SourceVersion "1"]
[SourceVersionDate "2026.01.17"]
[SourceQuality "1"]
[WhiteTeam "Steinfurt II"]
[BlackTeam "Greven"]
[WhiteTeamCountry "GER"]
[BlackTeamCountry "GER"]

1. e4 e5 2. Bc4 Nc6 3. d3 Nf6 4. Be3 d6 5. Nf3 Bg4 6. Nc3 Be7 7. Qe2 a6 8. h3 Be6 9. Bxe6 fxe6 10. d4 exd4 11. Nxd4 Qd7 12. Qc4 d5 13. exd5 exd5 14. Nxd5 Nxd5 15. O-O-O Nxe3 16. fxe3 O-O-O 17. Ne6 Ne5 18. Rxd7 Nxc4 19. Rxc7+ Kb8 20. Rxe7 Rhe8 21. Rxe8 Rxe8 22. Nxg7 Rxe3 23. Rd1 Rg3 24. Rd4 Ne3 25. Rd3 Rxg2 26. Rxe3 Rxg7 27. b4 h5 28. h4 Rg4 29. Re8+ Ka7 30. Rh8 Rxh4 31. c3 Kb6 32. Kb2 a5 33. Rh6+ Kb5 34. Kb3 Rh3 35. a4# 1-0

[Event "Muensterland Verbandsklasse 2526"]
[Site "Germany"]
[Date "2026.05.16"]
[Round "9"]
[Board "1"]
[White "Prokscha, Maurice"]
[Black "Limberg, Thomas"]
[Result "1/2-1/2"]
[WhiteElo "1781"]
[BlackElo "1815"]
[WhiteFideId "-1"]
[BlackFideId "-1"]
[PlyCount "76"]
[GameId "566343605753"]
[EventDate "2025.??.??"]
[EventType "team-tourn"]
[EventRounds "9"]
[EventCountry "GER"]
[SourceTitle "Verband Muensterland"]
[SourceDate "2026.01.17"]
[SourceVersion "1"]
[SourceVersionDate "2026.01.17"]
[SourceQuality "1"]
[WhiteTeam "Drensteinfurt"]
[BlackTeam "Olfen"]
[WhiteTeamCountry "GER"]
[BlackTeamCountry "GER"]

1. d4 Nf6 2. Nf3 d5 3. g3 e6 4. Bg2 Be7 5. O-O O-O 6. b3 Nbd7 7. Bb2 Ne4 8. Nbd2 f5 9. c4 c6 10. Nxe4 fxe4 11. Ne5 Nxe5 12. dxe5 Bc5 13. Qc2 Qb6 14. e3 Bd7 15. Kh1 Be8 16. Bh3 Bf7 17. Rad1 Rae8 18. Qe2 Bg6 19. g4 Qd8 20. Rg1 Qg5 21. Rdf1 Rf7 22. Rg3 Ref8 23. Kg1 Rf3 24. Bg2 Rxg3 25. hxg3 h5 26. Bh3 h4 27. gxh4 Qxh4 28. Kg2 Rf3 29. Rh1 b5 30. cxb5 cxb5 31. Bc3 Bxe3 32. Qxe3 Rxe3 33. fxe3 b4 34. Bd4 Qe7 35. Rc1 Qf7 36. Rf1 Qc7 37. Kg3 Be8 38. Rf2 a5 1/2-1/2

[Event "Muensterland Verbandsklasse 2526"]
[Site "Germany"]
[Date "2026.05.16"]
[Round "9"]
[Board "2"]
[White "Preuss, Richard"]
[Black "Berkhoff, Tim Henrik"]
[Result "0-1"]
[WhiteElo "1798"]
[BlackElo "1790"]
[WhiteFideId "-1"]
[BlackFideId "-1"]
[PlyCount "26"]
[GameId "566344523841"]
[EventDate "2025.??.??"]
[EventType "team-tourn"]
[EventRounds "9"]
[EventCountry "GER"]
[SourceTitle "Verband Muensterland"]
[SourceDate "2026.01.17"]
[SourceVersion "1"]
[SourceVersionDate "2026.01.17"]
[SourceQuality "1"]
[WhiteTeam "Olfen"]
[BlackTeam "Drensteinfurt"]
[WhiteTeamCountry "GER"]
[BlackTeamCountry "GER"]

1. e4 c5 2. Nf3 Nc6 3. d4 cxd4 4. Nxd4 Nf6 5. Nc3 e5 6. Nf3 Bb4 7. Bd3 d5 8. Bd2 Bxc3 9. Bxc3 dxe4 10. Bxe4 Qxd1+ 11. Rxd1 Nxe4 12. Bxe5 Nxe5 13. Nxe5 O-O 0-1

[Event "Muensterland Verbandsklasse 2526"]
[Site "Germany"]
[Date "2026.05.16"]
[Round "9"]
[Board "3"]
[White "Broeker, Yannic"]
[Black "Beutelhoff, Josef"]
[Result "1/2-1/2"]
[WhiteElo "1863"]
[BlackElo "1820"]
[WhiteFideId "-1"]
[BlackFideId "-1"]
[PlyCount "51"]
[GameId "566344020250"]
[EventDate "2025.??.??"]
[EventType "team-tourn"]
[EventRounds "9"]
[EventCountry "GER"]
[SourceTitle "Verband Muensterland"]
[SourceDate "2026.01.17"]
[SourceVersion "1"]
[SourceVersionDate "2026.01.17"]
[SourceQuality "1"]
[WhiteTeam "Drensteinfurt"]
[BlackTeam "Olfen"]
[WhiteTeamCountry "GER"]
[BlackTeamCountry "GER"]

1. e4 e6 2. d4 d5 3. Nd2 Nf6 4. e5 Nfd7 5. Bd3 c5 6. c3 Nc6 7. Ngf3 Qb6 8. O-O cxd4 9. cxd4 Nxd4 10. Nxd4 Qxd4 11. Nf3 Qb6 12. Qa4 Qb4 13. Qc2 Qc5 14. Qe2 Qc7 15. Bf4 Be7 16. Rac1 Qd8 17. Nd4 a6 18. Qg4 g6 19. Rfe1 h5 20. Qf3 Nf8 21. Bd2 Bd7 22. Nb3 Rc8 23. Qe3 Bc6 24. Nd4 Bd7 25. Nb3 Bc6 26. Nd4 1/2-1/2

[Event "Muensterland Verbandsklasse 2526"]
[Site "Germany"]
[Date "2026.05.16"]
[Round "9"]
[Board "4"]
[White "Boenigk, Winfried"]
[Black "Saphoerster, Arne"]
[Result "1-0"]
[WhiteElo "1750"]
[BlackElo "1705"]
[WhiteFideId "-1"]
[BlackFideId "-1"]
[PlyCount "75"]
[GameId "566344196867"]
[EventDate "2025.??.??"]
[EventType "team-tourn"]
[EventRounds "9"]
[EventCountry "GER"]
[SourceTitle "Verband Muensterland"]
[SourceDate "2026.01.17"]
[SourceVersion "1"]
[SourceVersionDate "2026.01.17"]
[SourceQuality "1"]
[WhiteTeam "Olfen"]
[BlackTeam "Drensteinfurt"]
[WhiteTeamCountry "GER"]
[BlackTeamCountry "GER"]

1. d4 Nf6 2. c4 g6 3. Nc3 d5 4. cxd5 Nxd5 5. e4 Nxc3 6. bxc3 Bg7 7. Be3 c5 8. Rc1 Qa5 9. Qd2 O-O 10. Bd3 Rd8 11. d5 e6 12. c4 Qxd2+ 13. Bxd2 Bd7 14. Ne2 Na6 15. Bc3 Bxc3+ 16. Nxc3 Rab8 17. a3 Nc7 18. Rb1 b6 19. Kd2 Rb7 20. d6 Ne8 21. e5 Bc6 22. Be4 Bxe4 23. Nxe4 h6 24. Rhc1 Ng7 25. Nxc5 Rc7 26. Ne4 f5 27. Nf6+ Kf7 28. f4 Rc5 29. Rb5 Rxb5 30. cxb5 Ne8 31. Nxe8 Kxe8 32. Kd3 g5 33. g3 Rd7 34. Rc8+ Rd8 35. Rxd8+ Kxd8 36. fxg5 hxg5 37. h4 f4 38. hxg5 1-0

[Event "Muensterland Verbandsklasse 2526"]
[Site "Germany"]
[Date "2026.05.16"]
[Round "9"]
[Board "5"]
[White "Walter, Kiara Laurien"]
[Black "Heimann, Karsten"]
[Result "0-1"]
[WhiteElo "1690"]
[BlackElo "1667"]
[WhiteFideId "-1"]
[BlackFideId "-1"]
[PlyCount "94"]
[GameId "566344976543"]
[EventDate "2025.??.??"]
[EventType "team-tourn"]
[EventRounds "9"]
[EventCountry "GER"]
[SourceTitle "Verband Muensterland"]
[SourceDate "2026.01.17"]
[SourceVersion "1"]
[SourceVersionDate "2026.01.17"]
[SourceQuality "1"]
[WhiteTeam "Drensteinfurt"]
[BlackTeam "Olfen"]
[WhiteTeamCountry "GER"]
[BlackTeamCountry "GER"]

1. d4 d5 2. Nf3 Nf6 3. g3 Bf5 4. Bg2 e6 5. O-O Bd6 6. c4 c6 7. c5 Bc7 8. b4 O-O 9. Nc3 Nbd7 10. Nh4 Bg4 11. h3 Bh5 12. Qb3 e5 13. e3 Re8 14. a4 g5 15. Nf3 g4 16. Nh2 Nf8 17. b5 Rb8 18. Qa2 Ne6 19. a5 exd4 20. exd4 Nxd4 21. b6 axb6 22. hxg4 Nxg4 23. Nxg4 Bxg4 24. cxb6 Be5 25. f3 Bf5 26. f4 Ne2+ 27. Nxe2 Bxa1 28. Qxa1 Rxe2 29. Bf3 Re6 30. g4 Rg6 31. g5 Re6 32. Bb2 Qf8 33. Bh8 h6 34. Kf2 Kh7 35. Bf6 Qc5+ 36. Kg3 Rg8 37. Rh1 Rg6 38. Bd4 Qd6 39. Be5 Rxe5 40. fxe5 Rxg5+ 41. Kf4 Qb4+ 42. Ke3 Qb3+ 43. Kf2 Qc2+ 44. Be2 Qc5+ 45. Ke1 Rg1+ 46. Rxg1 Qxg1+ 47. Bf1 Bd3 0-1

[Event "Muensterland Verbandsklasse 2526"]
[Site "Germany"]
[Date "2026.05.16"]
[Round "9"]
[Board "6"]
[White "Breuer, Bernd"]
[Black "Walter, Kiron"]
[Result "1-0"]
[WhiteElo "1764"]
[BlackElo "1566"]
[WhiteFideId "-1"]
[BlackFideId "-1"]
[PlyCount "74"]
[GameId "566344660172"]
[EventDate "2025.??.??"]
[EventType "team-tourn"]
[EventRounds "9"]
[EventCountry "GER"]
[SourceTitle "Verband Muensterland"]
[SourceDate "2026.01.17"]
[SourceVersion "1"]
[SourceVersionDate "2026.01.17"]
[SourceQuality "1"]
[WhiteTeam "Olfen"]
[BlackTeam "Drensteinfurt"]
[WhiteTeamCountry "GER"]
[BlackTeamCountry "GER"]

1. d4 d5 2. c4 c6 3. cxd5 cxd5 4. Nf3 Nc6 5. Nc3 Nf6 6. Bg5 Ne4 7. Bd2 Bg4 8. Ne5 Nxe5 9. dxe5 Nxd2 10. Qxd2 e6 11. e4 Bb4 12. Bb5+ Kf8 13. exd5 Bxc3 14. bxc3 Qxd5 15. Qxd5 exd5 16. f3 Be6 17. Kf2 Ke7 18. Bd3 Rac8 19. Rhc1 h6 20. f4 g6 21. Ke3 Rc5 22. Kd4 Rhc8 23. Rab1 b6 24. Rb4 R8c7 25. Rb5 Bf5 26. Rxc5 bxc5+ 27. Ke3 Ke6 28. Bxf5+ Kxf5 29. Rb1 f6 30. exf6 Kxf6 31. a4 Re7+ 32. Kf3 d4 33. cxd4 cxd4 34. Rb3 Rc7 35. Rb5 Rc3+ 36. Ke4 d3 37. Ke3 d2+ 1-0

[Event "Muensterland Verbandsklasse 2526"]
[Site "Germany"]
[Date "2026.05.16"]
[Round "9"]
[Board "7"]
[White "Wilk, Alexander"]
[Black "Hoppe, Marc"]
[Result "1/2-1/2"]
[WhiteElo "1686"]
[BlackElo "1587"]
[WhiteFideId "-1"]
[BlackFideId "-1"]
[PlyCount "96"]
[GameId "566345310007"]
[EventDate "2025.??.??"]
[EventType "team-tourn"]
[EventRounds "9"]
[EventCountry "GER"]
[SourceTitle "Verband Muensterland"]
[SourceDate "2026.01.17"]
[SourceVersion "1"]
[SourceVersionDate "2026.01.17"]
[SourceQuality "1"]
[WhiteTeam "Drensteinfurt"]
[BlackTeam "Olfen"]
[WhiteTeamCountry "GER"]
[BlackTeamCountry "GER"]

1. d4 d5 2. c4 Nf6 3. Nf3 e6 4. Bg5 Be7 5. Nc3 h6 6. Bf4 b6 7. cxd5 Nxd5 8. Nxd5 Qxd5 9. g3 g5 10. Bd2 c6 11. Bg2 g4 12. Nh4 Qxd4 13. Bc3 Qxd1+ 14. Rxd1 Rg8 15. O-O Bb7 16. b4 a6 17. Rd3 Nd7 18. Rc1 O-O-O 19. a3 Kc7 20. Bd2 Bg5 21. f4 Bxh4 22. gxh4 f5 23. Be3 Nf6 24. Bd4 Nd5 25. Be5+ Kd7 26. e4 fxe4 27. Bxe4 Ke7 28. f5 Nf6 29. Rxd8 Rxd8 30. Bxc6 Bc8 31. Bc7 Rd3 32. fxe6 Kxe6 33. Bxb6 Rxa3 34. Bg2 Bd7 35. Re1+ Kf5 36. Rf1+ Ke6 37. Bc7 Bb5 38. Re1+ Kf5 39. Bd8 Rd3 40. Bb6 Rd6 41. Bc5 Re6 42. Rxe6 Kxe6 43. Kf2 Kf5 44. Ke3 h5 45. Bb7 Bf1 46. Bd4 Bb5 47. Bb2 Ne8 48. Bc8+ Kg6 1/2-1/2

[Event "Muensterland Verbandsklasse 2526"]
[Site "Germany"]
[Date "2026.05.16"]
[Round "9"]
[Board "8"]
[White "Schaefer, Franz Josef"]
[Black "Bars, Joachim"]
[Result "0-1"]
[WhiteElo "1167"]
[BlackElo "1662"]
[WhiteFideId "-1"]
[BlackFideId "-1"]
[PlyCount "48"]
[GameId "566343308291"]
[EventDate "2025.??.??"]
[EventType "team-tourn"]
[EventRounds "9"]
[EventCountry "GER"]
[SourceTitle "Verband Muensterland"]
[SourceDate "2026.01.17"]
[SourceVersion "1"]
[SourceVersionDate "2026.01.17"]
[SourceQuality "1"]
[WhiteTeam "Olfen"]
[BlackTeam "Drensteinfurt"]
[WhiteTeamCountry "GER"]
[BlackTeamCountry "GER"]

1. e4 c6 2. c4 d5 3. cxd5 cxd5 4. e5 Bf5 5. d4 e6 6. Nc3 Nc6 7. a3 Be7 8. Be2 Bg5 9. Nf3 Bxc1 10. Rxc1 Nge7 11. O-O a6 12. b4 b5 13. h3 Qb6 14. Nh4 Nxd4 15. Nxf5 Nxe2+ 16. Nxe2 Nxf5 17. Rc5 O-O 18. Kh2 Qb8 19. f4 Ne3 20. Qc1 Nxf1+ 21. Qxf1 Rc8 22. Nd4 Rxc5 23. bxc5 Qa7 24. f5 Qxc5 0-1